[Event "Khanty-Mansiysk Governor Cup-B 9th"]
[Site "Khanty-Mansiysk"]
[Date "2013.12.04"]
[Round "7"]
[White "Soloviov, Vitalii"]
[Black "Iliushkin, Evgeny"]
[Result "0-1"]
[WhiteElo "1881"]
[BlackElo "2282"]
[PlyCount "74"]
[EventDate "2013.11.28"]
[EventType "swiss"]
[EventRounds "9"]
[EventCountry "RUS"]
[SourceTitle "CBM 157 Extra"]
[Source "ChessBase"]
[SourceDate "2013.12.19"]
[SourceVersion "1"]
[SourceVersionDate "2013.12.19"]
[SourceQuality "1"]

1. Nf3 c5 2. c4 Nc6 3. g3 e5 4. Nc3 d6 5. Bg2 g6 6. d3 Bg7 7. 0-0 Nge7 8. Bg5 f6 9. Bd2 0-0 10. a3 Be6 11. e4 Qd7 12. Rb1 Bg4 13. Ne2 f5 14. exf5 Qxf5 15. Ne1 Qd7 16. f3 Be6 17. b4 Rf7 18. Nc2 Bf5 19. Be3 b6 20. Nc3 Raf8 21. Ne4 h6 22. Qd2 Kh7 23. f4 cxb4 24. axb4 d5 25. cxd5 Nxd5 26. b5 Na5 27. fxe5 Nxe3 28. Qxe3 Bxe5 29. d4 Bg7 30. Rfd1 Re7 31. Re1 Rfe8 32. Qf4 g5 33. Qd6 Qxd6 34. Nxd6 Rxe1+ 35. Rxe1 Rxe1+ 36. Nxe1 Bxd4+ 37. Kf1 Bd7 0-1

[Event "Khanty-Mansiysk Governor Cup-B 9th"]
[Site "Khanty-Mansiysk"]
[Date "2013.12.01"]
[Round "4"]
[White "Iliushkin, Evgeny"]
[Black "Gordeev, Sergey"]
[Result "1/2-1/2"]
[WhiteElo "2282"]
[BlackElo "2087"]
[PlyCount "62"]
[EventDate "2013.11.28"]
[EventType "swiss"]
[EventRounds "9"]
[EventCountry "RUS"]
[SourceTitle "CBM 157 Extra"]
[Source "ChessBase"]
[SourceDate "2013.12.19"]
[SourceVersion "1"]
[SourceVersionDate "2013.12.19"]
[SourceQuality "1"]

1. c4 Nf6 2. Nc3 g6 3. Nf3 d5 4. cxd5 Nxd5 5. e4 Nxc3 6. dxc3 Qxd1+ 7. Kxd1 Bg4 8. Kc2 Bg7 9. Nd4 a6 10. Be3 e5 11. Nb3 Nd7 12. a4 Be6 13. f3 0-0-0 14. Na5 f5 15. Bc4 Rde8 16. Rhe1 Nf6 17. Bg5 Nh5 18. Rad1 Bf6 19. Bc1 Ng7 20. Bh6 Rhg8 21. Bxg7 Rxg7 22. Bxe6+ Rxe6 23. Nc4 f4 24. b4 g5 25. h3 h5 26. a5 Re8 27. Rd5 Rd7 28. Red1 Red8 29. R1d3 Bg7 30. Rd1 Bf6 31. R1d2 Bh8 1/2-1/2

[Event "Khanty-Mansiysk Governor Cup-B 9th"]
[Site "Khanty-Mansiysk"]
[Date "2013.11.28"]
[Round "1"]
[White "Chursin, Aleksandr"]
[Black "Iliushkin, Evgeny"]
[Result "0-1"]
[WhiteElo "1670"]
[BlackElo "2282"]
[PlyCount "41"]
[EventDate "2013.11.28"]
[EventType "swiss"]
[EventRounds "9"]
[EventCountry "RUS"]
[SourceTitle "CBM 157 Extra"]
[Source "ChessBase"]
[SourceDate "2013.12.19"]
[SourceVersion "1"]
[SourceVersionDate "2013.12.19"]
[SourceQuality "1"]

1. Nf3 c5 2. g3 d5 3. Bg2 Nc6 4. d4 e6 5. b3 Nf6 6. Bb2 Be7 7. Nbd2 0-0 8. 0-0 b6 9. c4 Bb7 10. Rc1 cxd4 11. Nxd4 Nxd4 12. Bxd4 Qd7 13. Nf3 Ba3 14. Rc2 Rfd8 15. Ne5 Qe7 16. cxd5 Nxd5 17. Nc6 Bxc6 18. Rxc6 e5 19. Bc5 Bxc5 20. Bxd5 e4 21. Qc2 0-1

[Event "EU-ch Seniors rap"]
[Site "Plovdiv"]
[Date "2013.03.20"]
[Round "4"]
[White "Iliushkin, Evgeny"]
[Black "Grinberg, Iosif P"]
[Result "1/2-1/2"]
[WhiteElo "2304"]
[BlackElo "2165"]
[PlyCount "123"]
[EventDate "2013.03.20"]
[EventType "swiss (rapid)"]
[EventRounds "9"]
[EventCountry "BUL"]
[SourceTitle "EXT 2014"]
[Source "ChessBase"]
[SourceDate "2013.11.20"]
[SourceVersion "1"]
[SourceVersionDate "2013.11.20"]
[SourceQuality "1"]

1. d4 d5 2. c4 c6 3. e3 e6 4. Nc3 Nd7 5. Qc2 Ngf6 6. Nf3 Bd6 7. b3 0-0 8. Be2 a6 9. 0-0 h6 10. Bb2 Qe7 11. Rad1 Re8 12. e4 dxe4 13. Nxe4 Nxe4 14. Qxe4 Nf6 15. Qh4 Rb8 16. Ne5 c5 17. Bf3 Nh7 18. Qxe7 Bxe7 19. dxc5 Bxc5 20. Nd7 Bxd7 21. Rxd7 b5 22. cxb5 axb5 23. Rc1 Bb6 24. b4 Nf6 25. Rd6 Red8 26. Be5 Rbc8 27. Rxc8 Rxc8 28. Rc6 Rxc6 29. Bxc6 Nd5 30. a3 f6 31. Bd6 Nc3 32. Kf1 Kf7 33. Ke1 e5 34. f3 Ke6 35. Bf8 Kf7 36. Bd6 Ke6 37. Bf8 Kf7 38. Bc5 Bxc5 39. bxc5 Ke6 40. Kd2 Nb1+ 41. Kc2 Nxa3+ 42. Kb3 Nc4 43. Bxb5 Ne3 44. g3 Kd5 45. c6 Kd6 46. Kb4 Nd5+ 47. Ka5 Kc7 48. Ba4 Ne7 49. Kb5 Nxc6 50. Kc5 Nd4 51. f4 Nf3 52. fxe5 Nxe5 53. Kd5 Kd8 54. Ke6 Nf3 55. h4 Nd4+ 56. Kf7 Nf5 57. g4 Nxh4 58. Kxg7 Ke7 59. Kxh6 Nf3 60. Bb3 Kd6 61. Bd1 Ne5 62. g5 1/2-1/2

[Event "EU-ch Seniors rap"]
[Site "Plovdiv"]
[Date "2013.03.20"]
[Round "2"]
[White "Iliushkin, Evgeny"]
[Black "Vasiukov, Evgeni"]
[Result "1-0"]
[WhiteElo "2304"]
[BlackElo "2460"]
[PlyCount "101"]
[EventDate "2013.03.20"]
[EventType "swiss (rapid)"]
[EventRounds "9"]
[EventCountry "BUL"]
[SourceTitle "EXT 2014"]
[Source "ChessBase"]
[SourceDate "2013.11.20"]
[SourceVersion "1"]
[SourceVersionDate "2013.11.20"]
[SourceQuality "1"]

1. d4 f5 2. c4 Nf6 3. Nf3 g6 4. e3 Bg7 5. Be2 0-0 6. 0-0 d6 7. b4 Qe8 8. a4 e5 9. b5 e4 10. Nfd2 g5 11. f3 exf3 12. Nxf3 h6 13. Nc3 c6 14. bxc6 bxc6 15. Rb1 Na6 16. Ne1 Nc7 17. Nc2 Kh8 18. Ba3 Qe7 19. Bf3 Ne4 20. Nxe4 fxe4 21. Be2 Rxf1+ 22. Qxf1 c5 23. dxc5 dxc5 24. Nd4 Qe5 25. Nb5 Nxb5 26. Rxb5 Bd7 27. Rb7 Rf8 28. Qxf8+ Bxf8 29. Bb2 Qxb2 30. Rxb2 Bxa4 31. Ra2 Bd7 32. Rxa7 Be6 33. h3 Kg8 34. Kf2 Bf7 35. Ke1 Bd6 36. Kd2 Kf8 37. Kc3 h5 38. Kb3 Be5 39. Ra5 Bd6 40. Ra8+ Kg7 41. Ra6 Be7 42. Bd1 Bf8 43. Bc2 Bg6 44. Ka4 g4 45. hxg4 hxg4 46. Kb5 g3 47. Re6 Kf7 48. Re5 Kf6 49. Rxc5 Bh6 50. Rc6+ Kf7 51. Bxe4 1-0